<?xml version="1.0" encoding="UTF-8"?><?xml-stylesheet type="text/xsl" href="static/style.xsl"?><OAI-PMH xmlns="http://www.openarchives.org/OAI/2.0/" xmlns:xsi="http://www.w3.org/2001/XMLSchema-instance" xsi:schemaLocation="http://www.openarchives.org/OAI/2.0/ http://www.openarchives.org/OAI/2.0/OAI-PMH.xsd"><responseDate>2026-04-17T18:50:47Z</responseDate><request verb="GetRecord" identifier="oai:www.recercat.cat:20.500.12327/4660" metadataPrefix="marc">https://recercat.cat/oai/request</request><GetRecord><record><header><identifier>oai:recercat.cat:20.500.12327/4660</identifier><datestamp>2025-10-22T11:23:20Z</datestamp><setSpec>com_2072_4428</setSpec><setSpec>com_2072_4427</setSpec><setSpec>col_2072_487898</setSpec></header><metadata><record xmlns="http://www.loc.gov/MARC21/slim" xmlns:dcterms="http://purl.org/dc/terms/" xmlns:xsi="http://www.w3.org/2001/XMLSchema-instance" xmlns:doc="http://www.lyncode.com/xoai" xsi:schemaLocation="http://www.loc.gov/MARC21/slim http://www.loc.gov/standards/marcxml/schema/MARC21slim.xsd">
   <leader>00925njm 22002777a 4500</leader>
   <datafield ind2=" " ind1=" " tag="042">
      <subfield code="a">dc</subfield>
   </datafield>
   <datafield ind2=" " ind1=" " tag="720">
      <subfield code="a">Pérez-Rodríguez, Fernando</subfield>
      <subfield code="e">author</subfield>
   </datafield>
   <datafield ind2=" " ind1=" " tag="720">
      <subfield code="a">Carrasco, Elena</subfield>
      <subfield code="e">author</subfield>
   </datafield>
   <datafield ind2=" " ind1=" " tag="720">
      <subfield code="a">Bover-Cid, Sara</subfield>
      <subfield code="e">author</subfield>
   </datafield>
   <datafield ind2=" " ind1=" " tag="720">
      <subfield code="a">Jofré, Anna</subfield>
      <subfield code="e">author</subfield>
   </datafield>
   <datafield ind2=" " ind1=" " tag="720">
      <subfield code="a">Valero, Antonio</subfield>
      <subfield code="e">author</subfield>
   </datafield>
   <datafield ind2=" " ind1=" " tag="260">
      <subfield code="c">2017-07-13</subfield>
   </datafield>
   <datafield ind2=" " ind1=" " tag="520">
      <subfield code="a">A quantitative risk characterization of Listeria monocytogenes in various ready-to-eat (RTE) food&#xd;
categories (heat-treated meat; smoked and gravad fish; and soft and semi-soft cheeses) in the&#xd;
European Union (EU) was performed; starting from the retail stage. For prevalence and concentration,&#xd;
data from the EU-wide baseline survey was complemented with EU monitoring data and data from&#xd;
other sources. Food serving size and the number of servings per year were estimated from the&#xd;
European food consumption database. Demographical data from Eurostat were also used. Growth of&#xd;
L. monocytogenes considering interaction with lactic acid bacteria was modelled from retail to&#xd;
consumption using temperature-time profiles during transport and storage. This information was&#xd;
combined with the Pouillot dose-response models to estimate the number of listeriosis cases per 106&#xd;
servings as well as the annual number of listeriosis cases in the EU associated with the consumption&#xd;
of the RTE foods. The total number of cases was estimated as 2,318 (95 confidence interval (CI):&#xd;
1,450-3,612). Cooked meat and sausage presented most cases (median of 863 and 541, respectively).&#xd;
Sliced pâté packaged in normal atmosphere presented the highest listeriosis risk per million servings.&#xd;
With respect to the estimation of the total number of cases per population group, considering each&#xd;
food subcategory separately, the higher risk population group corresponded to elderly, followed, in&#xd;
most cases, by pregnant and healthy, with the exceptions of cooked meat and hot smoked fish in&#xd;
which pregnant presented higher risk than elderly. In the light of results, it seems necessary that&#xd;
educative programs and specific recommendations are specially oriented the most susceptible&#xd;
population groups so as to mitigate the risk. Uncertainty sources for some variables such as initial&#xd;
MAY prevalence should be further elucidated as well as variability in Listeria growth when types of&#xd;
product and populations are compared.</subfield>
   </datafield>
   <datafield ind1="8" ind2=" " tag="024">
      <subfield code="a">Pérez‐Rodríguez, Fernando, Elena Carrasco, Sara Bover‐Cid, Anna Jofré, and Antonio Valero. 2017. “Closing Gaps for Performing a Risk Assessment on Listeria Monocytogenes in Ready‐to‐eat (RTE) Foods: Activity 2, a Quantitative Risk Characterization on L. Monocytogenes in RTE Foods; Starting From the Retail Stage.” EFSA Supporting Publications 14 (7): 1252E. doi: 10.2903/sp.efsa.2017.en-1252</subfield>
   </datafield>
   <datafield ind1="8" ind2=" " tag="024">
      <subfield code="a">2397-8325</subfield>
   </datafield>
   <datafield ind1="8" ind2=" " tag="024">
      <subfield code="a">http://hdl.handle.net/20.500.12327/4660</subfield>
   </datafield>
   <datafield ind1="8" ind2=" " tag="024">
      <subfield code="a">https://doi.org/10.2903/sp.efsa.2017.EN-1252</subfield>
   </datafield>
   <datafield ind2="0" ind1="0" tag="245">
      <subfield code="a">Closing gaps for performing a risk assessment on Listeria monocytogenes in ready-to-eat (RTE) foods: activity 2, a quantitative risk characterization on L. monocytogenes in RTE foods; starting from the retail stage</subfield>
   </datafield>
</record></metadata></record></GetRecord></OAI-PMH>